000 00307pam a2200133 a 4500
020 _c
041 _h
082 _a676.32
_bRLI
100 _aMethods De pliage .
245 _aHow to fold with CD
_hTextual Documents
260 _aBombay:
_bTara[irwala,
_c2002.
300 _a407:
_bpaper.
930 _a4520
999 _c238310
_d238310